000 00861nam a2200253Ia 4500
003 OSt
005 20221005113014.0
006 a|||||r|||| 00| 0
007 ta
008 221004b |||||||| |||| 00| 0 pan d
020 _a9788123715285 (pbk)
_c45
024 _a11499
037 _b835, 20/03/2014, H.K. Prakashan
_cTextual
040 _aCRL
_cCRL
_bpan
041 _2pan
_apan
082 _aO153,3xN3, L0;P9
100 _aਸਿੰਘ, ਹਰਿਭਜਨ, ਥਦ.
245 0 _aਕਥਾ ਪੰਜਾਬ
260 _aਦਿੱਲੀ
_bਨੈFਨਲ ਬੁੱਕ ਟਰਸੱਟ ਭਾਰਤ
_c2009
300 _a157ਪੰ
_ccm.
650 _aਪੰਜਾਬੀ ਸਾਹਿਤ
942 _hO153,3xN3, L0;P9
_cTEXL
_2cc
999 _c1026723
_d1026723